00227nam a2200085Ia 4500008004100000022001400041245003800055260004000093650000800133230205s9999 xx 000 0 und d a2455-2194 0aCurrent Central Legislation (CCL) bEastern Book CompanyaLucknowc2022 aLaw